Años de decisión
Saved in:
| Hovedforfatter: | |
|---|---|
| Format: | Bog |
| Sprog: | spansk |
| Udgivet: |
Santiago
Ercilla
1937
|
| Fag: | |
| Tags: |
Tilføj Tag
Ingen Tags, Vær først til at tagge denne postø!
|
MARC
| LEADER | 00000nam a2200000 a 4500 | ||
|---|---|---|---|
| 001 | UCK0943 | ||
| 003 | CL-VaPUC | ||
| 008 | 041029e19370000CL |||||||||||||||||spa|d | ||
| 082 | 0 | 4 | |a 306 |b SPE |2 21 |
| 100 | 0 | |a Spengler, Oswald |e author |9 319674 | |
| 245 | 1 | 0 | |a Años de decisión |
| 300 | |a 212 p | ||
| 942 | |c BK | ||
| 945 | |d 20041029 00:00:00 |a cmena | ||
| 260 | |a Santiago |b Ercilla |c 1937 | ||
| 650 | 0 | |a Antropología cultural y social |9 265143 | |
| 650 | 0 | |a Poder político |9 255509 | |
| 650 | 0 | |a Potencias mundiales |9 431761 | |
| 650 | 0 | |a Conflictos bélicos |9 382203 | |
| 650 | 7 | |a CONFLICTOS INTERNACIONALES |2 CL-VaPUC |9 334143 | |
| 583 | |a last modification |c 20041029 00:00:00 |k Rodrigo Vera | ||
| 999 | |c 311090 |d 311088 | ||
| 952 | |0 0 |1 0 |4 0 |6 306_000000000000000_SPE_1937 |7 0 |8 P |9 380302 |a BIBEDU |b BIBEDU |c BIBEDU_PB |d 2019-11-21 |i 4060210 |o 306 SPE 1937 |p 4060210 |r 2024-01-25 |w 2019-11-21 |y BK |k BME | ||